000 00581nam a2200205Ia 4500
003 GCL
008 140319s9999 xx 000 0 eng d
040 _aGCL /
_cGCL
082 0 4 _a361.41072
_bCP
100 1 _aCLOK, PAUL
245 1 0 _aPOLLICY AND CHANGE IN THATCHER,S BRITAIN /
_cCLOK, PAUL
260 _a[S.N] :
_bPERGAMON PRESS ،
_c1992
300 _a381
650 0 4 _aGREAT BRITAIN - SOCIAL CONDITION
650 0 4 _aECONOMIC POLICY 1945
650 0 4 _aECONOMIC CONDITIONS 1945
650 0 4 _aCRITICAL THEORY
650 0 4 _aGREAT BRITAIN - SOCIAL POLICY
942 _2ddc
_cBK
999 _c11622
_d11622